Crop residue based densified total mixed ration (Record no. 11287)

000 -LEADER
fixed length control field 00828cam a2200229Ia 4500
020 ## - INTERNATIONAL STANDARD BOOK NUMBER
ISBN 9789251072325
020 ## - INTERNATIONAL STANDARD BOOK NUMBER
ISBN 9251072329
040 ## - CATALOGING SOURCE
Transcribing agency WAU
082 ## - DEWEY DECIMAL CLASSIFICATION NUMBER
Classification number 636 FOO 2012
100 1# - MAIN ENTRY--AUTHOR NAME
Personal name Walli, T. K
245 10 - TITLE STATEMENT
Title Crop residue based densified total mixed ration
Remainder of title a user-friendly approach to utilise food crop by-products for ruminant production /
260 ## - PUBLICATION, DISTRIBUTION, ETC. (IMPRINT)
Place of publication Rome :
Name of publisher Food and Agriculture Organization of the United Nations,
Year of publication 2012
300 ## - PHYSICAL DESCRIPTION
Number of Pages 1 online resource (vi, 33 p.) :
Other physical details col. ill
490 1# - SERIES STATEMENT
Series statement FAO animal production and health paper,
650 #0 - SUBJECT ADDED ENTRY--TOPICAL TERM
Topical Term Ruminants
650 #0 - SUBJECT ADDED ENTRY--TOPICAL TERM
Topical Term Crop residues as feed
700 1# - ADDED ENTRY--PERSONAL NAME
Personal name Garg, M. R
700 1# - ADDED ENTRY--PERSONAL NAME
Personal name Makkar, Harinder P. S
710 2# - ADDED ENTRY--CORPORATE NAME
Corporate name or jurisdiction name as entry element Food and Agriculture Organization of the United Nations
856 40 - ELECTRONIC LOCATION AND ACCESS
Uniform Resource Identifier http://www.fao.org/docrep/015/i2728e/i2728e00.htm
942 ## - ADDED ENTRY ELEMENTS (KOHA)
Koha item type ADB
952 ## - LOCATION AND ITEM INFORMATION (KOHA)
Withdrawn status [LOCAL, KOHA] 0
Holdings
Permanent Location Date acquired Koha item type Lost status Shelving location Barcode Current Location Full call number
Library Block A2017-07-28សៀវភៅភាសាអង់គ្លេស A036A22479Library Block A636 FOO 2012 A036 Or.
មជ្ឈមណ្ឌលឯការនៃសាកលវិទ្យាល័យភូមិន្ទកសិកម្មចំការដូង

Powered by Koha